<?xml version="1.0" encoding="UTF-8"?>
<marc:record xmlns:marc="http://www.loc.gov/MARC21/slim">
   <marc:leader>00000nam a2200000 a 4500</marc:leader>
   <marc:datafield ind1="1" ind2=" " tag="100">
      <marc:subfield code="a">Flanders, John</marc:subfield>
   </marc:datafield>
   <marc:datafield ind1="1" ind2=" " tag="100">
      <marc:subfield code="a">Janssens, Kevin</marc:subfield>
   </marc:datafield>
   <marc:datafield ind1="1" ind2=" " tag="100">
      <marc:subfield code="a">Kurylenko, Olga</marc:subfield>
   </marc:datafield>
   <marc:datafield ind1="1" ind2=" " tag="100">
      <marc:subfield code="a">Volckman, Christian</marc:subfield>
   </marc:datafield>
   <marc:datafield ind1="0" ind2="0" tag="245">
      <marc:subfield code="a">The room</marc:subfield>
   </marc:datafield>
   <marc:datafield ind1="0" ind2="0" tag="245">
      <marc:subfield code="c">Buch und Regie: Christian Volckman ; Darsteller: Olga Kurylenko ; Kevin Janssens</marc:subfield>
   </marc:datafield>
   <marc:datafield ind1=" " ind2="1" tag="264">
      <marc:subfield code="a">Leipzig</marc:subfield>
      <marc:subfield code="b">Weltkino Filmverleih GmbH.</marc:subfield>
      <marc:subfield code="c">2020</marc:subfield>
   </marc:datafield>
   <marc:datafield ind1="1" ind2=" " tag="520">
      <marc:subfield code="a">Kate und Matt wollen dem New Yorker Alltag entfliehen und kaufen ein altes Haus in der abgelegenen Gegend von Maryland. Weit weg vom Stress der Großstadt will das junge Paar ein neues Leben beginnen. Doch das Haus birgt einen Raum mit einem unglaublichen Geheimnis: Jeder Wunsch, den sie dort aussprechen, materialisiert sich in wenigen Sekunden vor ihren Augen. Beseelt von ihrer Entdeckung stürzen Kate und Matt in einen hemmungslosen Rausch: Champagner, Kaviar, Diamanten, Designerkleider, Kunst, Bargeld &#x96; nichts bleibt ihnen verwehrt. Doch das luxuriöse Leben entwickelt sich zum Albtraum, als der Raum ihnen gewährt.</marc:subfield>
   </marc:datafield>
   <marc:datafield ind1="3" ind2=" " tag="024">
      <marc:subfield code="a">4061229137805</marc:subfield>
   </marc:datafield>
   <marc:datafield ind1=" " ind2=" " tag="500">
      <marc:subfield code="a">Deutsch, Englisch</marc:subfield>
   </marc:datafield>
   <marc:datafield ind1="0" ind2=" " tag="490">
      <marc:subfield code="v">0</marc:subfield>
   </marc:datafield>
   <marc:datafield ind1=" " ind2=" " tag="300">
      <marc:subfield code="a">1 DVD - Video (95 Minunten, PAL 2): farbig</marc:subfield>
   </marc:datafield>
</marc:record>
